Cena de gala del salón náutico en el Palacio Provincial
Publicado:
San Jorge, núm. 81 (1r trimestre 1971), pàg. 100 :
MARC
| LEADER | 00000nam a2200000Ia 4500 | ||
|---|---|---|---|
| 001 | |||
| 008 | 160829s9999 xx 000 0 cat d | ||
| 245 | |a Cena de gala del salón náutico en el Palacio Provincial | ||
| 260 | |a San Jorge, núm. 81 (1r trimestre 1971), pàg. 100 | ||
| 650 | |a Àpats i banquets |9 20359 | ||
| 650 | |a Etiqueta |9 48237 | ||
| 650 | 0 | |a Polítics |x Vida social i costums |y S. XX |9 42005 | |
| 901 | |a Arxiu | ||
| 942 | |n 1 | ||
| 952 | |0 0 |1 0 |4 0 |7 1 |9 52643 |a Arxiu |b Arxiu |d 2016-12-01 |l 0 |r 2016-12-01 00:00:00 |w 2016-12-01 |y ARXIU | ||
| 999 | |c 56492 |d 56492 | ||